LEADER 01872oam 2200409 450 001 9910774884503321 005 20230828220923.0 035 $a(CKB)3280000000012074 035 $a(EXLCZ)993280000000012074 100 $a20180430c2006uuuu fy 0 101 0 $aita 135 $auuzu#---uu|uu 181 $ctxt$2rdacontent 182 $cn$2rdamedia 183 $anc$2rdacarrier 200 00$aUniversitą e territorio $eil decentramento dell'Ateneo nella provincia di Firenze : atti del convegno di studi, Firenze, 23 gennaio 2004 /$fa cura di Sandro Rogari 210 1$aFirenze :$cFirenze University Press,$d2006. 215 $a1 online resource (111 pages) $cdigital, PDF file(s) 225 1 $aUniversita? degli studi di Firenze 80. anniversario 1924-2004 ;$v8 300 $aProceedings of the conference held in Florence (Tuscany), January 23, 2004. 311 08$aPrint version: 9788884534156 330 $aProceedings published on the occasion of the University of Florence's 80th anniversary, regarding the University's decentralisation and integration into the province, it's relationship with and impact on the territory into which it has been subsumed. 410 0$aUniversita? degli studi di Firenze, 80o anniversario 1924-2004 ;$v8. 606 $aCollege facilities$zItaly$xPlanning 606 $aUniversities and colleges$zItaly$xDecentralization 606 $aCity planning$zItaly 607 $aFlorence (Italy)$xIntellectual life$y20th century$vCongresses 607 $aFlorence (Italy)$xIntellectual life$y21st century$vCongresses 615 0$aCollege facilities$xPlanning. 615 0$aUniversities and colleges$xDecentralization. 615 0$aCity planning 702 $aRogari$b Sandro 801 2$bUkMaJRU 906 $aBOOK 912 $a9910774884503321 996 $aUniversitą e territorio$9115003 997 $aUNINA LEADER 03687nam 2200757 450 001 9910786804903321 005 20211005215008.0 010 $a0-8232-6671-0 010 $a0-8232-6402-5 010 $a0-8232-6403-3 024 7 $a10.1515/9780823264025 035 $a(CKB)3710000000224269 035 $a(EBL)3239922 035 $a(SSID)ssj0001355392 035 $a(PQKBManifestationID)11850505 035 $a(PQKBTitleCode)TC0001355392 035 $a(PQKBWorkID)11346894 035 $a(PQKB)11478632 035 $a(StDuBDS)EDZ0001111285 035 $a(OCoLC)890507601 035 $a(MdBmJHUP)muse37890 035 $a(DE-B1597)555392 035 $a(DE-B1597)9780823264025 035 $a(MiAaPQ)EBC3239922 035 $a(Au-PeEL)EBL3239922 035 $a(CaPaEBR)ebr10913494 035 $a(OCoLC)923764451 035 $a(MiAaPQ)EBC1741703 035 $a(Au-PeEL)EBL1741703 035 $a(EXLCZ)993710000000224269 100 $a20140909h20142014 uy 0 101 0 $aeng 135 $aurnn#---|u||u 181 $ctxt 182 $cc 183 $acr 200 00$aDialogue of love $ebreaking the silence of centuries /$fedited by John Chryssavgis 205 $aFirst edition. 210 1$aNew York, New York :$cFordham University Press,$d2014. 210 4$d©2014 215 $a1 online resource (75 p.) 225 1 $aOrthodox Christianity and Contemporary Thought 300 $aDescription based upon print version of record. 311 0 $a1-322-96533-1 311 0 $a0-8232-6400-9 320 $aIncludes bibliographical references. 327 $tFront matter --$tContents --$tForeword --$tPreface --$t1. Pilgrimage toward Unity --$t2. Breathing with Both Lungs --$t3. ?A Sign of Contradiction? --$tAfterword: The Dawn of Expectation --$tContributors 330 $aIn 1964, a little-noticed albeit pioneering encounter in the Holy Land between the heads of the Roman Catholic Church and the Orthodox Church spawned numerous contacts and diverse openings between the two ?sister churches,? which had not communicated with each other for centuries. Fifty years later, Pope Francis and Ecumenical Patriarch Bartholomew meet in Jerusalem to commemorate that historical event and celebrate the close relations that have developed through mutual exchanges of formal visits and an official theological dialogue that began in 1980. This book contains three unique chapters: The first is a sketch of the behind-the-scenes challenges and negotiations that accompanied the meeting in 1964, detailing the immediate consequences of the event and setting the tone for the volume. The second is an inspirational account, interwoven with a scholarly evaluation of the work of the North American Standing Council on Orthodox/Catholic relations over the past decades. The third chapter presents a recently discovered reflection on the meeting that took place fifty years ago by one of the most important Orthodox theologians of the twentieth century, expressing cautious optimism about the future of Christian unity. 410 0$aOrthodox Christianity and contemporary thought. 606 $aRELIGION / Christianity / Orthodox$2bisacsh 610 $aChurch Schism. 610 $aEcumenical Dialogue. 610 $aOrthodox Church. 610 $aPope Francis. 610 $aRoman Catholic Church. 610 $aTheological Dialogue. 615 7$aRELIGION / Christianity / Orthodox. 676 $a281.90902 702 $aChryssavgis$b John 801 0$bMiAaPQ 801 1$bMiAaPQ 801 2$bMiAaPQ 906 $aBOOK 912 $a9910786804903321 996 $aDialogue of love$93795635 997 $aUNINA